Indahnya budi

Bibliographic Details
Main Author: Maizurah Mohd Ederis
Format: Book
Published: Kuala Lumpur : Creative Enterprise , 1996, 1999
Subjects:

MARC

LEADER 00000cam a2200000 7i4500
001 0000007444
002 000008003
005 20010320.0
020 |a 9838932825 
090 0 0 |a F   |b MAI 
100 0 |a Maizurah Mohd Ederis 
245 1 0 |a Indahnya budi   |c Maizurah Mohd Ederis 
260 |a Kuala Lumpur :   |b Creative Enterprise ,   |c 1996, 1999 
300 |a 103p. ;   |c 18cm. 
650 0 0 |a Malay fiction 
999 |a 052084   |b BUKU   |c PINJAMAN   |e PERPUSTAKAAN KOMUNITI PETALING JAYA 
999 |a 052085   |b BUKU   |c PINJAMAN   |e PERPUSTAKAAN KOMUNITI PETALING JAYA 
999 |a 052086   |b BUKU   |c PINJAMAN   |e PERPUSTAKAAN KOMUNITI PETALING JAYA 
999 |a 098995   |b BUKU   |c FICTION   |e PERPUSTAKAAN KOMUNITI PETALING JAYA